| 000 | 01049nam a22002177a 4500 | ||
|---|---|---|---|
| 999 |
_c1834 _d1834 |
||
| 003 | AR-CdUCM | ||
| 008 | 190228b ||||| |||| 00| 0 spa d | ||
| 020 | _a 9688423211 | ||
| 040 |
_aMUNICIPALIDAD PROVINCIAL DEL CUSCO _cBIBLIOTECA MUNICIPAL DEL CUSCO |
||
| 082 |
_a320.973 / _bAG32 |
||
| 100 |
_aAguilar Villanueva, Luis F. _96683 |
||
| 245 |
_aLa implementación de las políticas / _cLuis F. A guilar Villanueva |
||
| 260 |
_aMéxico, D.F. : _bMiguel Angel Porrua, _c1993. |
||
| 300 |
_a471 paginas ; _c23 cm. |
||
| 505 | _aEl proceso de implementación de las políticas. Un marco conceptual -- La implementacion: una perspectiva teórica. entre la intención y la acción -- Modelos organizacionales para el análisis de la implementación de programas sociales -- Diseño retrospectivo: La investigación de la implementación y las decisiones políticas .. | ||
| 650 |
_aPolíticas publicas _96684 |
||
| 650 |
_aModelos organizacionales _96724 |
||
| 650 |
_aPerspectiva teórica _96725 |
||
| 942 |
_2ddc _cLIBROS |
||
| 945 |
_aacv _d2019-02-28 |
||